i-Konjugation: Indikativ Präsens Aktiv - Statistiken

Allgemein
  • Dieses Quiz wurde 27 mal gespielt
  • Das Durchschnittsergebnis liegt bei 8 aus 8
Antwortstatistiken
Group Hint Antwort % Korrekt
Imperative Imp. Sg. Präs. Akt. audi
100%
Präsens 1. Pl. audimus
100%
Präsens 1. Sg. audio
100%
Präsens 2. Sg. audis
100%
Präsens 3. Sg. audit
100%
Präsens 2. Pl. auditis
100%
Imperative Imp. Pl. Präs. Akt. audite
95%
Präsens 3. Pl. audiunt
84%
Keine übereinstimmenden Quizze gefunden
Verteilung der Resultate
Anzahl Personen mit jedem Resultat
Perzentil nach korrekt beantworteten Fragen
Ihre Resultats-Entwicklung
Sie haben dieses Quiz noch nicht gespielt